Trouve le personnage féminin Disney/Pixar - Statistiques

Statistiques générales
  • Ce quiz a été pris 129 fois
  • Le résultat moyen est 14 sur 16
Statistiques - réponses
Par images Réponse % Correct
Cendrillon
99%
Raiponce
99%
Elsa
98%
Ariel
97%
Belle
97%
Jasmine
97%
Mulan
97%
Vaiana
97%
Alice
96%
Pocahontas
93%
Aurore
92%
Anna
91%
Tiana
84%
Merida
80%
Vanellope
68%
Anastasia
61%
Aucun quiz correspondant
Distribution des résultats
% des personnes avec chaque résultat
Percentile par nombre de réponses
Votre historique - résultats
Vous n’avez pas pris ce quiz